Meranie kvality života - metodologické problémy
Problémy súvisiace s metodologickou stránkou merania kvality života. Indikátory kvality, udržiteľnosti života a spokojnosť so vzdelávaním na vybranom súbore európskych krajín.
Salvato in:
| Autore principale: | |
|---|---|
| Altri autori: | , |
| Natura: | Capitolo di libro |
| Lingua: | slovacco |
| Soggetti: | |
| Tags: |
Nessun Tag, puoi essere il primo ad aggiungerne!!
|
MARC
| LEADER | 00000naa$a2200000$$$4500 | ||
|---|---|---|---|
| 001 | 0149697 | ||
| 005 | 20240502072707.1 | ||
| 041 | 0 | |a slo | |
| 044 | |a SK | ||
| 245 | 1 | 0 | |a Meranie kvality života - metodologické problémy |c Jozef Gajdoš, Pavol Andrejovský, Rastislav Ručinský |
| 520 | |a Problémy súvisiace s metodologickou stránkou merania kvality života. Indikátory kvality, udržiteľnosti života a spokojnosť so vzdelávaním na vybranom súbore európskych krajín. | ||
| 610 | 2 | 0 | |a kvalita života |
| 610 | 2 | 0 | |a rozvoj trvalo udržateľný |
| 610 | 2 | 0 | |a úroveň životná |
| 610 | 2 | 0 | |a index rozvoja ľudského |
| 610 | 2 | 0 | |a teória merania |
| 610 | 2 | 0 | |a metodológia |
| 100 | 1 | |a Gajdoš, Jozef, 1962-2025 | |
| 700 | 1 | |a Andrejovský, Pavol, 1975- | |
| 700 | 1 | |a Ručinský, Rastislav | |